Elaboración de un Manual de Funciones Organizacionales de la Gerencia de Operaciones de la Empresa AJE NICARAGUA S. A

La investigación presenta un manual de funciones organizacionales para la gerencia de operaciones que sirva como modelo y el cual a su vez sea tomado como referencia para ser replicado para las gerencias de recursos humanos, gerencia financiera, gerencia de producción y Gerencia de Marketing. Se e...

Full description

Bibliographic Details
Main Authors: Sánchez Martínez, Octavia De los Ángeles, Sinclair Agüero, Adolfo Enrique
Other Authors: Tutor: Sequeira Hernández, José Manuel
Format: Tesis Section = Libro
Language:Undetermined
Spanish
Published: Managua UNI 2015
Subjects:
LEADER 01433nam a2200265Ia 4500
008 240830s9999 xx 000 0 und d
040 |a BIBLIOTECA-RUSB/ M.Mon 658.402 S211 
041 |a spa 
082 |a M.Mon 658.402 S211 
100 1 |a Sánchez Martínez, Octavia De los Ángeles 
100 1 |b Sinclair Agüero, Adolfo Enrique 
245 1 0 |a Elaboración de un Manual de Funciones Organizacionales de la Gerencia de Operaciones de la Empresa AJE NICARAGUA S. A 
260 |a Managua  |b UNI  |c 2015 
300 |a 133 p. :il. 
500 |a Contiene: anexos y CD. 
502 |a Tesis (Máster en Gestión Empresarial) - UNI, 2015. 
520 3 |a La investigación presenta un manual de funciones organizacionales para la gerencia de operaciones que sirva como modelo y el cual a su vez sea tomado como referencia para ser replicado para las gerencias de recursos humanos, gerencia financiera, gerencia de producción y Gerencia de Marketing. Se elaboraron descriptores de cargo definiendo dependencia objetivos, las funciones, relaciones organizacionales, requisitos y competencias de manera particular por cada cargo que conforma la Gerencia de operaciones. 
650 7 |a ORGANIZACIÓN-MANUALES 
650 7 |b  MANUALES ADMINISTRATIVOS 
650 7 |c  DESCRIPCION DEL TRABAJO 
650 7 |d  ESTRUCTURA ORGANIZACIONAL 
700 1 |a Tutor:  |b Sequeira Hernández, José Manuel 
942 |c BK  |2 ddc 
991 |a TESIS 
999 |c 19420